000 00533nam a2200193Ia 4500
005 20230711111912.0
008 131103s9999 xx 000 0 und d
040 _aLoreto College
041 _aEnglish
082 _a973
_bCRO
100 _aCrothers,George D.
245 _aAmerican History
_cGeorge D.Crothers
260 _aNew York
_bHolt,Rinehart and Winston
_c1964
300 _aix,243 p.
_b ill.
440 _aHolt Basic Education Intermediate Series
650 _aUnited States - History
850 _aLCLIB
942 _cBK
999 _c7719
_d58198